Rekord-Transfers: FC Bayern - Statistiken

Allgemein
  • Dieses Quiz wurde 210 mal gespielt
  • Das Durchschnittsergebnis liegt bei 14 aus 18
Antwortstatistiken
Hint Antwort % Korrekt
England Harry Kane
99%
Kolumbien Luis Díaz
94%
Frankreich Michael Olise
94%
Frankreich Lucas Hernández
90%
Deutschland Leroy Sané
89%
Frankreich Dayot Upamecano
87%
Niederlande Matthijs de Ligt
87%
Deutschland Mats Hummels
85%
Polen Robert Lewandowski
85%
Südkorea Min-jae Kim
83%
Senegal Sadio Mané
83%
Frankreich Corentin Tolisso
78%
Frankreich Mathys Tel
74%
Niederlande Ryan Gravenberch
69%
Portugal Joao Palhinha
68%
Frankreich Benjamin Pavard
67%
Brasilien Douglas Costa
61%
Niederlande Joshua Zirkzee
48%
Keine übereinstimmenden Quizze gefunden
Verteilung der Resultate
Anzahl Personen mit jedem Resultat
Perzentil nach korrekt beantworteten Fragen
Ihre Resultats-Entwicklung
Sie haben dieses Quiz noch nicht gespielt